بیسویں صدی کی اردو نظم پر آقبال کے اثرات / (Record no. 41461)

MARC details
000 -LEADER
fixed length control field 00935nam a22002297a 4500
005 - DATE AND TIME OF LATEST TRANSACTION
control field 20100812162616.0
008 - FIXED-LENGTH DATA ELEMENTS--GENERAL INFORMATION
fixed length control field 081119t xxu||||| |||| 00| 0 ur d
010 ## - LCCN (DPL NO)
LC control number UR-7696
020 ## - INTERNATIONAL STANDARD BOOK NUMBER
International Standard Book Number 8189461710
Terms of availability 400.00
035 ## - SYSTEM CONTROL NUMBER
System control number U-6251
040 ## - CATALOGING SOURCE
Original cataloging agency DPL
Language of cataloging UR
082 ## - DEWEY DECIMAL CLASSIFICATION NUMBER
Edition number 842.08
100 ## - MAIN ENTRY--PERSONAL NAME
Personal name رئیسہ پروین
9 (RLIN) 9405
245 ## - TITLE STATEMENT
Title بیسویں صدی کی اردو نظم پر آقبال کے اثرات /
Statement of responsibility, etc رئیسہ پروین
246 ## - VARYING FORM OF TITLE
Title proper/short title Meri adabi aap biti (my literary autobiography)
Remainder of title by Charan Dass Sidhu
260 ## - PUBLICATION, DISTRIBUTION, ETC. (IMPRINT)
Place of publication, distribution, etc رہلی
Name of publisher, distributor, etc کتابی دنیا
Date of publication, distribution, etc 2009
270 ## - ADDRESS
Address 1955, Gali Nawab Mirza, Turkman Gate
City Delhi
Postal code 110006
300 ## - PHYSICAL DESCRIPTION
Extent 510 ص
Dimensions 22 س م (Hb)
650 ## - SUBJECT ADDED ENTRY--TOPICAL TERM
Topical term or geographic name as entry element Literary autobiography
9 (RLIN) 9406
942 ## - ADDED ENTRY ELEMENTS (KOHA)
Source of classification or shelving scheme Dewey Decimal Classification
Item type Urdu Bks
Classification part 842.08
Call number suffix س د ھ
Holdings
Withdrawn status Lost status Source of classification or shelving scheme Damaged status Not for loan Collection code Home library Current library Date acquired Source of acquisition Cost, normal purchase price Total Checkouts Full call number Barcode Date last seen Copy number Cost, replacement price Koha item type
    Dewey Decimal Classification   Not For Loan Non-fiction D.B.Act.Division D.B.Act.Division 12/08/2010 DBAD/PUB 400.00   842.08 س د ھ U-6251 12/08/2010 1 400.00 Urdu Bks

© Delhi Public Library
Hit Counter
free hit counter